000 00204nam a2200097Ia 4500
008 240331s9999 xx 000 0 und d
082 _bGOW
100 _a Gowthaman,R
245 0 _aThalit panpadu
942 _cL
999 _c1422
_d1422